LEADER 01141nam0-2200373 --450 001 9910489551103321 005 20231212154640.0 010 $a978-88-6973-396-3 100 $a20210727d2020----kmuy0itay5050 ba 101 0 $aita 102 $aIT 105 $ay 001yy 200 1 $aAlla morte del re$esovranità e leggi di successione nell'Europa dei secoli 17.-18.$fMarcello Verga 210 $aRoma$cSalerno$dc2020 215 $a180 p.$d21 cm 225 1 $aPiccoli saggi$v70 610 0 $aSovranità$aEuropa$aSec. 17.-18. 610 0 $aSuccessione ereditaria$aEuropa$aDiritto$aSec. 17.-18. 676 $a940.252$v21$zita 676 $a940.25$v23$zita 700 1$aVerga,$bMarcello$0139831 801 0$aIT$bUNINA$gREICAT$2UNIMARC 901 $aBK 912 $a9910489551103321 952 $a940.25 VER 1$b2021/2874$fFLFBC 952 $a940.25 VER 1 bis$b2021/4054$fFLFBC 952 $aCOLLEZ. 2238 (70)$b1801/2021$fFSPBC 952 $aXIV M 570$b272/2022$fFSPBC 952 $aV E 370$b2021/1170$fFGBC 959 $aFGBC 959 $aFLFBC 959 $aFSPBC 996 $aAlla morte del re$91834530 997 $aUNINA LEADER 01851nam 2200505 450 001 9910795946203321 005 20200520144314.0 010 $a1-119-05246-7 035 $a(CKB)24989706700041 035 $a(Au-PeEL)EBL4040802 035 $a(CaPaEBR)ebr11113872 035 $a(OCoLC)957124498 035 $a(PPN)189382554 035 $a(MiAaPQ)EBC4040802 035 $a(EXLCZ)9924989706700041 100 $a20151105h20162016 uy 0 101 0 $aeng 135 $aur||||||||||| 181 $2rdacontent 182 $2rdamedia 183 $2rdacarrier 200 10$aLow-frequency electromagnetic modeling for electrical and biological systems using MATLAB /$fSergey N. Makarov, Gregory M. Noetscher, Ara Nazarian 210 1$aHoboken, New Jersey :$cWiley,$d2016. 210 4$d2016 215 $a1 online resource (790 pages) $cillustrations (some color), tables 320 $aIncludes bibliographical references at the end of each chapters and index. 606 $aBioelectromagnetism$xComputer simulation 606 $aElectromagnetic devices$xComputer simulation 606 $aElectromagnetism$xComputer simulation 606 $aELF electromagnetic fields$xMathematical models 615 0$aBioelectromagnetism$xComputer simulation. 615 0$aElectromagnetic devices$xComputer simulation. 615 0$aElectromagnetism$xComputer simulation. 615 0$aELF electromagnetic fields$xMathematical models. 676 $a621.382/24028553 700 $aMakarov$b Sergey N.$0763002 702 $aNazarian$b Ara$f1971- 702 $aNoetscher$b Gregory M.$f1978- 801 0$bMiAaPQ 801 1$bMiAaPQ 801 2$bMiAaPQ 906 $aBOOK 912 $a9910795946203321 996 $aLow-frequency electromagnetic modeling for electrical and biological systems using MATLAB$93759798 997 $aUNINA LEADER 04498nam 22007815 450 001 9910299430403321 005 20250609111222.0 010 $a94-017-9508-8 024 7 $a10.1007/978-94-017-9508-1 035 $a(CKB)3710000000402948 035 $a(EBL)2096886 035 $a(SSID)ssj0001501097 035 $a(PQKBManifestationID)11771820 035 $a(PQKBTitleCode)TC0001501097 035 $a(PQKBWorkID)11521249 035 $a(PQKB)10587441 035 $a(DE-He213)978-94-017-9508-1 035 $a(MiAaPQ)EBC2096886 035 $a(PPN)185490123 035 $a(MiAaPQ)EBC3109842 035 $a(EXLCZ)993710000000402948 100 $a20150418d2015 u| 0 101 0 $aeng 135 $aur|n|---||||| 181 $ctxt 182 $cc 183 $acr 200 10$aCritical Loads and Dynamic Risk Assessments $eNitrogen, Acidity and Metals in Terrestrial and Aquatic Ecosystems /$fedited by Wim de Vries, Jean-Paul Hettelingh, Maximilian Posch 205 $a1st ed. 2015. 210 1$aDordrecht :$cSpringer Netherlands :$cImprint: Springer,$d2015. 215 $a1 online resource (671 p.) 225 1 $aEnvironmental Pollution,$x1566-0745 ;$v25 300 $aDescription based upon print version of record. 311 08$a94-017-9507-X 320 $aIncludes bibliographical references and index. 327 $aPart I Assessment of indicators for air pollutant impacts -- Part II  Empirical and model based critical loads and target loads -- Part III Dynamic modeling for the assessment of air pollution impacts at site scale -- Part IV Critical loads and dynamic model applications on a regional scale -- Part V Integrated assessment policy applications and synthesis. 330 $aThis book provides a unique overview of research methods over the past 25 years assessing critical loads and temporal effects of the deposition of air pollutants. It includes critical load methods and applications addressing acidification, eutrophication and heavy metal pollution of terrestrial and aquatic ecosystems. Applications include examples for each air pollution threat, both at local and regional scale, including Europe, Asia, Canada and the US. The book starts with background information on the effects of the deposition of sulphur, nitrogen and heavy metals and geochemical and biological indicators for risk assessments. The use of those indicators is then illustrated in the assessment of critical loads and their exceedances and in the temporal assessment of air pollution risks. It also includes the most recent developments of assessing critical loads and current and future risks of soil and water chemistry and biodiversity under climate change, with a special focus on nitrogen. The book thus provides a complete overview of the knowledge that is currently used for the scientific support of policies in the field of air pollution control to protect ecosystem services. 410 0$aEnvironmental Pollution,$x1566-0745 ;$v25 606 $aAir$xPollution 606 $aEnvironmental chemistry 606 $aEnvironmental sciences 606 $aGeobiology 606 $aAtmospheric Protection/Air Quality Control/Air Pollution$3https://scigraph.springernature.com/ontologies/product-market-codes/U35010 606 $aEnvironmental Chemistry$3https://scigraph.springernature.com/ontologies/product-market-codes/U15000 606 $aMath. Appl. in Environmental Science$3https://scigraph.springernature.com/ontologies/product-market-codes/U24005 606 $aBiogeosciences$3https://scigraph.springernature.com/ontologies/product-market-codes/G35010 615 0$aAir$xPollution. 615 0$aEnvironmental chemistry. 615 0$aEnvironmental sciences. 615 0$aGeobiology. 615 14$aAtmospheric Protection/Air Quality Control/Air Pollution. 615 24$aEnvironmental Chemistry. 615 24$aMath. Appl. in Environmental Science. 615 24$aBiogeosciences. 676 $a333.7 676 $a363.7392 676 $a550 676 $a577.14 702 $ade Vries$b Wim$4edt$4http://id.loc.gov/vocabulary/relators/edt 702 $aHettelingh$b Jean-Paul$4edt$4http://id.loc.gov/vocabulary/relators/edt 702 $aPosch$b Maximilian$4edt$4http://id.loc.gov/vocabulary/relators/edt 801 0$bMiAaPQ 801 1$bMiAaPQ 801 2$bMiAaPQ 906 $aBOOK 912 $a9910299430403321 996 $aCritical Loads and Dynamic Risk Assessments$92525796 997 $aUNINA